Săn đuổi : Tiểu thuyết trinh thám hình sự

Đã lưu trong:
书目详细资料
主要作者: Thomas, Gordon
格式: 图书
语言:Undetermined
出版: Hà Nội Văn hóa Thông tin 2005
主题:
标签: 添加标签
没有标签, 成为第一个标记此记录!
Thư viện lưu trữ: Trung tâm Học liệu Trường Đại học Cần Thơ
LEADER 00588nam a2200217Ia 4500
001 CTU_100746
008 210402s9999 xx 000 0 und d
020 |c 69000 
082 |a 823.9 
082 |b T454 
100 |a Thomas, Gordon 
245 0 |a Săn đuổi : 
245 0 |b Tiểu thuyết trinh thám hình sự 
245 0 |c Gordon Thomas 
260 |a Hà Nội 
260 |b Văn hóa Thông tin 
260 |c 2005 
650 |a English literature 
650 |y 20th century 
904 |i Tuyến 
980 |a Trung tâm Học liệu Trường Đại học Cần Thơ